[Event "DVM U16 2016"]
[Site "Neumarkt in der Oberpfalz GER"]
[Date "2016.12.29"]
[Round "6"]
[White "Scholz, Sebastian"]
[Black "Oberhofer, Marie"]
[Result "1-0"]
[Termination "normal"]
[Board "1.4"]
[WhiteElo "1681"]
[BlackElo "1618"]
[WhiteClock "00:51:00"]
[BlackClock "00:00:32"]
[WhiteTeam "MS Halver-Schalksmühle"]
[BlackTeam "SC Bavaria Regensburg"]
[PlyCount "109"]
[WhiteFideId "16202597"]
[BlackFideId "12938165"]
[EventCountry "GER"]
[EventRounds "7"]
[EventType "team-swiss"]
[EventDate "2016.12.26"]

1. e4 c5 2. c3 d5 3. exd5 Qxd5 4. d4 Nf6 5. Nf3 e6 6. Bd3 cxd4 7. cxd4 Be7 8.
O-O O-O 9. Nc3 Qd8 10. h3 Nc6 11. a3 a6 12. Be3 b5 13. b4 Bb7 14. Qb3 Na7 15.
Nh2 Nd5 16. Ne4 Nxe3 17. fxe3 Bd5 18. Qc2 Nc6 19. Nf3 f5 20. Nc5 Bg5 21. Rae1
Bf6 22. Rd1 Rc8 23. Qf2 Nb8 24. Rfe1 Qb6 25. e4 fxe4 26. Bxe4 Rce8 27. Qc2 Bxe4
28. Rxe4 Qd6 29. Qe2 Kf7 30. Ne5+ Kg8 31. Ng4 Kf7 32. Nxf6 gxf6 33. Qh5+ Kg8
34. Qg4+ Kf7 35. Qh5+ Kg8 36. Rg4+ Kh8 37. Rh4 Re7 38. Qh6 Rg7 39. Rf1 e5 40.
dxe5 Qxe5 41. Rg4 Rgf7 42. Nd3 Qc3 43. Nf4 Rg8 44. Ng6+ Rxg6 45. Rxg6 Qd4+ 46.
Kh1 Nd7 47. Rg4 Qd3 48. Rc1 Nb6 49. Qh5 Rf8 50. Qc5 Qd8 51. Rd4 Qb8 52. Rd6 Na4
53. Qc6 Kg7 54. Rd7+ Kg6 55. Qe4+  1-0

[Event "DVM U16 2016"]
[Site "Neumarkt in der Oberpfalz GER"]
[Date "2016.12.29"]
[Round "6"]
[White "Sieber, Fiona"]
[Black "Schnabel, Bennett"]
[Result "1/2-1/2"]
[Termination "normal"]
[Board "2.1"]
[WhiteTitle "WFM"]
[WhiteElo "2169"]
[BlackElo "2043"]
[WhiteClock "00:02:14"]
[BlackClock "00:04:07"]
[WhiteTeam "SG Aufbau Elbe Magdeburg"]
[BlackTeam "SV Mattnetz Berlin"]
[PlyCount "125"]
[WhiteFideId "12902373"]
[BlackFideId "12943290"]
[EventCountry "GER"]
[EventRounds "7"]
[EventType "team-swiss"]
[EventDate "2016.12.26"]

1. e4 {[%clk 1:30:58]} c5 {[%clk 1:30:29]} 2. Nf3 {[%clk 1:31:23]} d6 {[%clk
1:30:24]} 3. d4 {[%clk 1:31:48]} cxd4 {[%clk 1:29:43]} 4. Nxd4 {[%clk 1:32:12]}
Nf6 {[%clk 1:29:53]} 5. f3 {[%clk 1:23:33]} g6 {[%clk 1:22:36]} 6. c4 {[%clk
1:21:57]} Bg7 {[%clk 1:21:18]} 7. Be3 {[%clk 1:21:53]} Nc6 {[%clk 1:20:16]} 8.
Nc3 {[%clk 1:17:18]} Nxd4 {[%clk 1:17:05]} 9. Qxd4 {[%clk 1:16:17]} O-O {[%clk
1:16:51]} 10. Qd2 {[%clk 1:16:39]} Bd7 {[%clk 1:17:09]} 11. Be2 {[%clk
1:15:57]} Bc6 {[%clk 1:17:26]} 12. O-O {[%clk 1:16:00]} a5 {[%clk 1:17:46]} 13.
b3 {[%clk 1:13:45]} Nd7 {[%clk 1:18:00]} 14. Rab1 {[%clk 1:12:28]} Nc5 {[%clk
1:18:02]} 15. Rfc1 {[%clk 1:12:04]} Qb6 {[%clk 1:17:51]} 16. Kh1 {[%clk
1:11:40]} Rfc8 {[%clk 1:18:14]} 17. Rc2 {[%clk 1:07:06]} Qd8 {[%clk 1:14:49]}
18. a3 {[%clk 1:02:24]} h5 {[%clk 1:10:25]} 19. Bf1 {[%clk 0:55:05]} Kh7 {[%clk
1:09:03]} 20. b4 {[%clk 0:54:34]} axb4 {[%clk 1:08:59]} 21. axb4 {[%clk
0:54:57]} Na4 {[%clk 1:08:21]} 22. Ne2 {[%clk 0:50:58]} b6 {[%clk 0:41:40]} 23.
Nd4 {[%clk 0:48:28]} Bd7 {[%clk 0:41:23]} 24. Ra2 {[%clk 0:36:47]} Qh8 {[%clk
0:38:26]} 25. Rb3 {[%clk 0:34:21]} Nc5 {[%clk 0:13:27]} 26. bxc5 {[%clk
0:29:56]} Rxa2 {[%clk 0:13:32]} 27. Qxa2 {[%clk 0:30:25]} Bxd4 {[%clk 0:13:54]}
28. Bxd4 {[%clk 0:29:10]} Qxd4 {[%clk 0:14:18]} 29. cxb6 {[%clk 0:29:24]} Rb8
{[%clk 0:08:37]} 30. h3 {[%clk 0:19:42]} h4 {[%clk 0:05:31]} 31. Qb2 {[%clk
0:10:52]} Qd1 {[%clk 0:04:57]} 32. Qb1 {[%clk 0:11:08]} Qd4 {[%clk 0:05:02]}
33. Bd3 {[%clk 0:07:16]} Kg7 {[%clk 0:05:07]} 34. Qg1 {[%clk 0:06:59]} Qxg1+
{[%clk 0:04:48]} 35. Kxg1 {[%clk 0:07:28]} Kf6 {[%clk 0:05:12]} 36. Kf2 {[%clk
0:07:52]} Ke5 {[%clk 0:05:39]} 37. Ke3 {[%clk 0:08:17]} g5 {[%clk 0:06:05]} 38.
Bb1 {[%clk 0:05:26]} Ba4 {[%clk 0:04:49]} 39. Rb4 {[%clk 0:04:11]} Bc6 {[%clk
0:05:03]} 40. Ba2 {[%clk 0:04:15]} Bd7 {[%clk 0:01:40]} 41. Rb2 {[%clk
0:01:47]} e6 {[%clk 0:25:50]} 42. b7 {[%clk 0:23:27]} Bc6 {[%clk 0:25:06]} 43.
Rb6 {[%clk 0:23:51]} Rxb7 {[%clk 0:11:39]} 44. Rxc6 {[%clk 0:24:13]} Rb2 {[%clk
0:12:06]} 45. Ra6 {[%clk 0:22:56]} Rxg2 {[%clk 0:12:23]} 46. Ra5+ {[%clk
0:22:37]} Kf6 {[%clk 0:12:46]} 47. e5+ {[%clk 0:13:45]} dxe5 {[%clk 0:13:13]}
48. Ra7 {[%clk 0:12:38]} g4 {[%clk 0:10:16]} 49. fxg4 {[%clk 0:12:29]} Rg3+
{[%clk 0:10:42]} 50. Ke2 {[%clk 0:08:13]} Rxh3 {[%clk 0:10:59]} 51. g5+ {[%clk
0:08:29]} Kxg5 {[%clk 0:11:00]} 52. Rxf7 {[%clk 0:08:50]} Ra3 {[%clk 0:10:32]}
53. Bb1 {[%clk 0:09:04]} Rc3 {[%clk 0:09:00]} 54. Rc7 {[%clk 0:09:19]} h3
{[%clk 0:06:33]} 55. Kd2 {[%clk 0:09:18]} h2 {[%clk 0:06:26]} 56. Be4 {[%clk
0:09:14]} Ra3 {[%clk 0:06:23]} 57. Rh7 {[%clk 0:06:46]} Kf4 {[%clk 0:06:18]}
58. Bc2 {[%clk 0:03:47]} Kg3 {[%clk 0:04:46]} 59. c5 {[%clk 0:03:37]} Ra7
{[%clk 0:04:48]} 60. Rh6 {[%clk 0:02:22]} Rc7 {[%clk 0:05:10]} 61. Ke3 {[%clk
0:01:46]} Rxc5 {[%clk 0:04:49]} 62. Rg6+ {[%clk 0:02:14]} Kh3 {[%clk 0:04:07]}
63. Ke4 1/2-1/2

[Event "DVM U16 2016"]
[Site "Neumarkt in der Oberpfalz GER"]
[Date "2016.12.29"]
[Round "6"]
[White "Hesse, Henrik"]
[Black "Biastoch, Bennet"]
[Result "1/2-1/2"]
[Termination "normal"]
[Board "2.2"]
[WhiteElo "1932"]
[BlackElo "2115"]
[WhiteClock "00:05:09"]
[BlackClock "00:27:49"]
[WhiteTeam "SV Mattnetz Berlin"]
[BlackTeam "SG Aufbau Elbe Magdeburg"]
[PlyCount "65"]
[WhiteFideId "12952060"]
[BlackFideId "12939889"]
[EventCountry "GER"]
[EventRounds "7"]
[EventType "team-swiss"]
[EventDate "2016.12.26"]

1. c4 {[%clk 1:30:56]} Nf6 {[%clk 1:30:48]} 2. g3 {[%clk 1:31:05]} g6 {[%clk
1:30:57]} 3. Bg2 {[%clk 1:31:27]} Bg7 {[%clk 1:31:17]} 4. Nc3 {[%clk 1:30:48]}
O-O {[%clk 1:31:31]} 5. Nf3 {[%clk 1:30:41]} Nc6 {[%clk 1:31:14]} 6. O-O {[%clk
1:27:02]} d6 {[%clk 1:31:07]} 7. d3 {[%clk 1:16:17]} a6 {[%clk 1:26:00]} 8. Rb1
{[%clk 1:14:47]} e5 {[%clk 1:23:59]} 9. b4 {[%clk 1:13:19]} Bg4 {[%clk
1:19:08]} 10. a4 {[%clk 1:06:14]} Re8 {[%clk 1:12:17]} 11. b5 {[%clk 1:05:11]}
axb5 {[%clk 1:12:26]} 12. axb5 {[%clk 1:05:30]} Nd4 {[%clk 1:12:32]} 13. e3
{[%clk 0:49:56]} Bxf3 {[%clk 1:01:56]} 14. Bxf3 {[%clk 0:49:36]} Nxf3+ {[%clk
1:02:01]} 15. Qxf3 {[%clk 0:50:02]} e4 {[%clk 1:01:17]} 16. dxe4 {[%clk
0:37:53]} Nd7 {[%clk 1:00:42]} 17. Bb2 {[%clk 0:37:06]} Nc5 {[%clk 1:00:10]}
18. Nd5 {[%clk 0:24:08]} Nxe4 {[%clk 0:57:30]} 19. Qf4 {[%clk 0:19:46]} Re6
{[%clk 0:50:23]} 20. Bxg7 {[%clk 0:17:56]} Kxg7 {[%clk 0:50:46]} 21. Ra1 {[%clk
0:18:18]} Rxa1 {[%clk 0:43:00]} 22. Rxa1 {[%clk 0:18:43]} c6 {[%clk 0:43:01]}
23. bxc6 {[%clk 0:17:44]} bxc6 {[%clk 0:43:22]} 24. Ra7 {[%clk 0:18:05]} Ng5
{[%clk 0:42:17]} 25. Qd4+ {[%clk 0:10:09]} Kh6 {[%clk 0:35:42]} 26. Qh4+ {[%clk
0:06:09]} Kg7 {[%clk 0:36:02]} 27. Qd4+ {[%clk 0:06:35]} Re5 {[%clk 0:32:44]}
28. Qb6 {[%clk 0:04:50]} Qxb6 {[%clk 0:27:41]} 29. Nxb6 {[%clk 0:05:16]} Rc5
{[%clk 0:27:54]} 30. Rd7 {[%clk 0:05:03]} Nf3+ {[%clk 0:27:20]} 31. Kg2 {[%clk
0:05:17]} Ne5 {[%clk 0:27:29]} 32. Rxd6 {[%clk 0:05:29]} Nxc4 {[%clk 0:27:49]}
33. Nxc4 {[%clk 0:05:09]} 1/2-1/2

[Event "DVM U16 2016"]
[Site "Neumarkt in der Oberpfalz GER"]
[Date "2016.12.29"]
[Round "6"]
[White "Roseneck, Jonas"]
[Black "Acikel, Mert"]
[Result "1-0"]
[Termination "normal"]
[Board "2.3"]
[WhiteElo "2094"]
[BlackElo "1902"]
[WhiteClock "00:03:19"]
[BlackClock "00:01:16"]
[WhiteTeam "SG Aufbau Elbe Magdeburg"]
[BlackTeam "SV Mattnetz Berlin"]
[PlyCount "87"]
[WhiteFideId "12939870"]
[BlackFideId "12956465"]
[EventCountry "GER"]
[EventRounds "7"]
[EventType "team-swiss"]
[EventDate "2016.12.26"]

1. e4 {[%clk 1:30:54]} e5 {[%clk 1:30:43]} 2. Nf3 {[%clk 1:31:13]} Nc6 {[%clk
1:31:01]} 3. Bc4 {[%clk 1:31:37]} Bc5 {[%clk 1:30:37]} 4. c3 {[%clk 1:32:03]}
Nf6 {[%clk 1:30:51]} 5. d3 {[%clk 1:32:28]} d6 {[%clk 1:30:38]} 6. O-O {[%clk
1:32:22]} Bb6 {[%clk 1:26:43]} 7. Nbd2 {[%clk 1:29:44]} Ne7 {[%clk 1:25:35]} 8.
Re1 {[%clk 1:26:00]} c6 {[%clk 1:19:04]} 9. Bb3 {[%clk 1:24:29]} Ng6 {[%clk
1:19:16]} 10. Nf1 {[%clk 1:00:49]} O-O {[%clk 1:12:27]} 11. h3 {[%clk 1:00:53]}
Re8 {[%clk 1:03:13]} 12. Ng3 {[%clk 0:57:16]} h6 {[%clk 1:02:50]} 13. d4 {[%clk
0:53:24]} Bc7 {[%clk 1:01:17]} 14. Bc2 {[%clk 0:48:23]} Nh7 {[%clk 0:49:43]}
15. Nf5 {[%clk 0:31:21]} Bxf5 {[%clk 0:48:28]} 16. exf5 {[%clk 0:31:46]} Ngf8
{[%clk 0:37:09]} 17. Bd2 {[%clk 0:24:17]} Qf6 {[%clk 0:30:14]} 18. Bd3 {[%clk
0:23:11]} Nd7 {[%clk 0:28:25]} 19. Qb3 {[%clk 0:20:10]} Bb6 {[%clk 0:23:04]}
20. Rad1 {[%clk 0:08:36]} exd4 {[%clk 0:09:03]} 21. cxd4 {[%clk 0:08:40]} c5
{[%clk 0:07:50]} 22. Qa4 {[%clk 0:07:02]} Red8 {[%clk 0:08:11]} 23. Bc3 {[%clk
0:06:49]} cxd4 {[%clk 0:08:03]} 24. Nxd4 {[%clk 0:06:07]} Qh4 {[%clk 0:06:46]}
25. Re4 {[%clk 0:04:58]} Nc5 {[%clk 0:05:35]} 26. Rxh4 {[%clk 0:05:25]} Nxa4
{[%clk 0:05:58]} 27. Nb5 {[%clk 0:04:53]} Nxc3 {[%clk 0:05:56]} 28. Nxc3 {[%clk
0:05:17]} Nf6 {[%clk 0:05:43]} 29. Bc4 {[%clk 0:03:20]} Rac8 {[%clk 0:04:42]}
30. Bd5 {[%clk 0:03:28]} Nxd5 {[%clk 0:03:49]} 31. Nxd5 {[%clk 0:03:53]} Rc5
{[%clk 0:02:49]} 32. Nxb6 {[%clk 0:03:32]} axb6 {[%clk 0:03:17]} 33. Rb4 {[%clk
0:03:49]} b5 {[%clk 0:03:22]} 34. g4 {[%clk 0:03:58]} d5 {[%clk 0:03:31]} 35.
Kg2 {[%clk 0:04:21]} Kf8 {[%clk 0:03:37]} 36. Rd3 {[%clk 0:04:07]} Ke7 {[%clk
0:03:02]} 37. Kf3 {[%clk 0:02:42]} Kd6 {[%clk 0:03:00]} 38. Rdb3 {[%clk
0:02:09]} Kc6 {[%clk 0:03:09]} 39. a4 {[%clk 0:02:09]} bxa4 {[%clk 0:00:31]}
40. Rb6+ {[%clk 0:02:14]} Kd7 {[%clk 0:01:00]} 41. Rxb7+ {[%clk 0:02:39]} Ke8
{[%clk 0:01:24]} 42. Re3+ {[%clk 0:02:58]} Kf8 {[%clk 0:01:04]} 43. Ree7 {[%clk
0:03:19]} d4 {[%clk 0:01:16]} 44. Rxf7+ 1-0

[Event "DVM U16 2016"]
[Site "Neumarkt in der Oberpfalz GER"]
[Date "2016.12.29"]
[Round "6"]
[White "Petersen, Marcel"]
[Black "Hoffmann, Lennard"]
[Result "0-1"]
[Termination "normal"]
[Board "2.4"]
[WhiteElo "1638"]
[BlackElo "1938"]
[WhiteClock "00:38:57"]
[BlackClock "00:28:59"]
[WhiteTeam "SV Mattnetz Berlin"]
[BlackTeam "SG Aufbau Elbe Magdeburg"]
[PlyCount "90"]
[WhiteFideId "12935670"]
[BlackFideId "12943495"]
[EventCountry "GER"]
[EventRounds "7"]
[EventType "team-swiss"]
[EventDate "2016.12.26"]

1. e4 {[%clk 1:30:52]} c5 {[%clk 1:30:53]} 2. Nf3 {[%clk 1:31:17]} Nc6 {[%clk
1:30:51]} 3. d4 {[%clk 1:31:39]} cxd4 {[%clk 1:31:03]} 4. Nxd4 {[%clk 1:32:04]}
Qc7 {[%clk 1:31:08]} 5. Nc3 {[%clk 1:31:39]} e6 {[%clk 1:31:04]} 6. Be3 {[%clk
1:30:49]} a6 {[%clk 1:30:43]} 7. a3 {[%clk 1:26:05]} Nf6 {[%clk 1:28:16]} 8.
Be2 {[%clk 1:23:54]} Be7 {[%clk 1:26:00]} 9. Qd2 {[%clk 1:22:39]} b5 {[%clk
1:22:51]} 10. Bf3 {[%clk 1:22:00]} Bb7 {[%clk 1:19:26]} 11. O-O {[%clk
1:19:39]} Ne5 {[%clk 1:02:54]} 12. Bf4 {[%clk 1:16:06]} d6 {[%clk 1:03:03]} 13.
Bxe5 {[%clk 1:14:59]} dxe5 {[%clk 1:03:12]} 14. Nb3 {[%clk 1:15:02]} O-O {[%clk
1:02:39]} 15. Qe2 {[%clk 1:13:46]} Rfd8 {[%clk 1:00:09]} 16. Rfd1 {[%clk
1:11:48]} Ne8 {[%clk 0:56:29]} 17. Qe3 {[%clk 1:08:38]} Rdc8 {[%clk 0:44:21]}
18. g3 {[%clk 0:59:00]} Nd6 {[%clk 0:43:19]} 19. Be2 {[%clk 0:58:10]} h6 {[%clk
0:41:11]} 20. h4 {[%clk 0:58:15]} f5 {[%clk 0:37:43]} 21. f3 {[%clk 0:55:42]}
Nc4 {[%clk 0:37:05]} 22. Qc1 {[%clk 0:53:09]} f4 {[%clk 0:31:09]} 23. Kh2
{[%clk 0:47:47]} Qb6 {[%clk 0:21:36]} 24. Rf1 {[%clk 0:45:53]} Ne3 {[%clk
0:21:34]} 25. Rg1 {[%clk 0:46:03]} Qd8 {[%clk 0:18:17]} 26. Kh3 {[%clk
0:45:02]} Rc6 {[%clk 0:17:55]} 27. Bd3 {[%clk 0:40:26]} Rac8 {[%clk 0:16:08]}
28. Nd2 {[%clk 0:28:59]} fxg3 {[%clk 0:14:55]} 29. Ndb1 {[%clk 0:26:40]} Nc4
{[%clk 0:12:55]} 30. Bxc4 {[%clk 0:26:37]} bxc4 {[%clk 0:13:02]} 31. Rxg3
{[%clk 0:26:44]} Bxh4 {[%clk 0:12:55]} 32. Rg2 {[%clk 0:26:38]} Bg5 {[%clk
0:13:18]} 33. Qe1 {[%clk 0:25:47]} Qe8 {[%clk 0:13:10]} 34. Rg1 {[%clk
0:21:23]} Qh5+ {[%clk 0:12:49]} 35. Kg2 {[%clk 0:21:32]} Rf8 {[%clk 0:12:53]}
36. Qg3 {[%clk 0:18:17]} Rf6 {[%clk 0:09:37]} 37. Rh1 {[%clk 0:18:16]} Qf7
{[%clk 0:09:29]} 38. Kf2 {[%clk 0:15:17]} Rd6 {[%clk 0:07:26]} 39. Rh3 {[%clk
0:13:16]} Qc7 {[%clk 0:06:59]} 40. Kg2 {[%clk 0:12:01]} Qb6 {[%clk 0:05:45]}
41. Na4 {[%clk 0:11:28]} Qe3 {[%clk 0:01:27]} 42. Rh1 {[%clk 0:10:19]} Bf4
{[%clk 0:00:35]} 43. Qg4 {[%clk 0:10:11]} Qe2+ {[%clk 0:00:53]} 44. Kh3 {[%clk
0:10:34]} Be3 {[%clk 0:28:53]} 45. Kg3 {[%clk 0:38:57]} Qf2+ {[%clk 0:28:59]}
0-1

[Event "DVM U16 2016"]
[Site "Neumarkt in der Oberpfalz GER"]
[Date "2016.12.29"]
[Round "6"]
[White "Mühlpfordt, Thomas"]
[Black "Schilay, Lorenz"]
[Result "1-0"]
[Termination "normal"]
[Board "3.1"]
[WhiteElo "1828"]
[BlackElo "1840"]
[WhiteTeam "SC 1997 Lambsheim"]
[BlackTeam "SK Neumarkt"]
[PlyCount "117"]
[WhiteFideId "12986623"]
[BlackFideId "12930180"]
[EventCountry "GER"]
[EventRounds "7"]
[EventType "team-swiss"]
[EventDate "2016.12.26"]

1. e4 e5 2. Nf3 Nc6 3. Bc4 Nf6 4. d3 Be7 5. c3 O-O 6. O-O d5 7. exd5 Nxd5 8.
Re1 Bf6 9. Nbd2 Be6 10. Ne4 Qe7 11. Bb5 Bg4 12. h3 Bxf3 13. Qxf3 Rad8 14. Nxf6+
Qxf6 15. Qxf6 gxf6 16. Bxc6 bxc6 17. Be3 Nb6 18. Bh6 Rfe8 19. Re3 Kh8 20. Rae1
Rg8 21. Rf3 Rg6 22. Bc1 Rd6 23. b3 Nd5 24. Ba3 Rd8 25. d4 Nf4 26. Rg3 Rdg8 27.
Kh2 Nxg2 28. Kxg2 Rxg3+ 29. fxg3 exd4 30. cxd4 Rg5 31. Bc5 h5 32. Re4 a5 33.
Be7 Kg7 34. Rf4 Rg6 35. Bd8 f5 36. Bxc7 Re6 37. Kf2 Re7 38. Bxa5 Kg6 39. Bb6
Rb7 40. Bc5 Rb5 41. b4 Rb8 42. a4 Ra8 43. a5 Kg5 44. Rf3 Ra6 45. Re3 h4 46. Re7
hxg3+ 47. Kxg3 f4+ 48. Kf3 Ra8 49. Rxf7 Rh8 50. Rxf4 Rxh3+ 51. Ke4 Rh1 52. Rf3
Re1+ 53. Re3 Rh1 54. a6 Kf6 55. a7 Rh8 56. Rf3+ Ke6 57. Rf8 Rh7 58. a8=Q Ra7
59. Qe8+  1-0

[Event "DVM U16 2016"]
[Site "Neumarkt in der Oberpfalz GER"]
[Date "2016.12.29"]
[Round "6"]
[White "Neppert, Paul"]
[Black "Wacker, Andreas"]
[Result "1/2-1/2"]
[Termination "normal"]
[Board "3.2"]
[WhiteElo "1511"]
[BlackElo "1646"]
[WhiteTeam "SK Neumarkt"]
[BlackTeam "SC 1997 Lambsheim"]
[PlyCount "116"]
[WhiteFideId "16219414"]
[BlackFideId "12953083"]
[EventCountry "GER"]
[EventRounds "7"]
[EventType "team-swiss"]
[EventDate "2016.12.26"]

1. e4 c6 2. d4 d5 3. exd5 cxd5 4. Bd3 Nc6 5. c3 Nf6 6. Bf4 Bg4 7. Nf3 e6 8.
Nbd2 Be7 9. O-O O-O 10. Re1 a6 11. Qc2 Bxf3 12. Nxf3 Rc8 13. Qb1 b5 14. Ne5 Kh8
15. Bd2 h6 16. Re3 Nxe5 17. dxe5 Ng4 18. Re2 Bc5 19. h3 Nxf2 20. Rxf2 Bxf2+ 21.
Kxf2 f6 22. Kg1 fxe5 23. Qe1 e4 24. Bc2 Rc7 25. Qe2 Rcf7 26. Be3 Qd6 27. Rd1
Qc7 28. Bd4 e5 29. Be3 Qc6 30. Qd2 Rd7 31. Bxe4 Rfd8 32. Bf3 Qd6 33. Qf2 Qf6
34. Bb6 Rf8 35. Rxd5 Rxd5 36. Bxd5 Qd6 37. Qc5 Qf6 38. Qe3 Qf1+ 39. Kh2 Qf6 40.
Bc5 Rd8 41. Bf3 Re8 42. Qe4 Rc8 43. Be3 Rd8 44. Be2 Qd6 45. Qf5 Rf8 46. Qe4 Rd8
47. Bh5 Rf8 48. Qg6 Rf6 49. Qe8+ Rf8 50. Qg6 Rf6 51. Qe4 Rf8 52. Bf3 Re8 53.
Qd5 Qf6 54. Bg4 Rd8 55. Qf3 Qd6 56. Qe4 Rf8 57. Bf3 Rc8 58. Be2 Rd8  1/2-1/2

[Event "DVM U16 2016"]
[Site "Neumarkt in der Oberpfalz GER"]
[Date "2016.12.29"]
[Round "6"]
[White "Dalchow, Jonas"]
[Black "Schilay, Eva"]
[Result "1/2-1/2"]
[Termination "normal"]
[Board "3.3"]
[WhiteElo "1785"]
[BlackElo "1595"]
[WhiteTeam "SC 1997 Lambsheim"]
[BlackTeam "SK Neumarkt"]
[PlyCount "154"]
[WhiteFideId "12971251"]
[BlackFideId "12930164"]
[EventCountry "GER"]
[EventRounds "7"]
[EventType "team-swiss"]
[EventDate "2016.12.26"]

1. e4 d5 2. exd5 Qxd5 3. Nc3 Qd6 4. d4 Nf6 5. Nf3 a6 6. Ne5 e6 7. Nc4 Qd8 8. a4
b6 9. Qf3 Ra7 10. Bf4 Bb7 11. Qg3 Nh5 12. Qg4 Nxf4 13. Qxf4 Bb4 14. Be2 Nd7 15.
Rd1 Nf6 16. Bf3 Nd5 17. Bxd5 Bxd5 18. Ne5 Bxc3+ 19. bxc3 Qf6 20. Qg3 Be4 21.
Ng4 Qg6 22. Ne3 Qxg3 23. hxg3 O-O 24. f3 Bc6 25. a5 Rb8 26. axb6 Rxb6 27. Kd2
a5 28. Ra1 a4 29. Ra3 h6 30. Nc4 Rb8 31. Ne5 Be8 32. Nd3 Rd8 33. Nc5 e5 34. Ke3
exd4+ 35. cxd4 Rb8 36. Rha1 Rba8 37. Rb1 f6 38. Rb7 Rxb7 39. Nxb7 Bg6 40. Kd2
Be8 41. Nc5 Kf7 42. Kc3 Ke7 43. Kb4 Rb8+ 44. Kc4 Bb5+ 45. Kc3 Ra8 46. Kb4 Bf1
47. Re3+ Kf7 48. Nxa4 Bxg2 49. f4 Re8 50. Rxe8 Kxe8 51. Nc5 Ke7 52. c4 g5 53.
fxg5 fxg5 54. d5 c6 55. dxc6 Bxc6 56. Nd3 Ke6 57. Kc5 Be4 58. Nf2 Bf5 59. Kb6
Ke5 60. Kc6 Kd4 61. Kd6 Ke3 62. Ke5 Bc8 63. Ne4 Kf3 64. Nd6 Bd7 65. Nf7 Kxg3
66. Nxh6 Kh4 67. c5 Kh5 68. Nf5 g4 69. Ne3 g3 70. Kf4 Kh4 71. Kf3 Kh3 72. Kf4
Bb5 73. Kg5 Bc6 74. Kf4 Bb7 75. Kf5 Bc6 76. Kf4 Bb5 77. Kf3 Bc6+  1/2-1/2

[Event "DVM U16 2016"]
[Site "Neumarkt in der Oberpfalz GER"]
[Date "2016.12.29"]
[Round "6"]
[White "Kreyssig, Bruno"]
[Black "Wendler, David"]
[Result "1-0"]
[Termination "normal"]
[Board "4.1"]
[WhiteElo "2165"]
[BlackElo "1962"]
[WhiteTeam "SG Leipzig"]
[BlackTeam "SK Bebenhausen"]
[PlyCount "95"]
[WhiteFideId "4692489"]
[BlackFideId "12938360"]
[EventCountry "GER"]
[EventRounds "7"]
[EventType "team-swiss"]
[EventDate "2016.12.26"]

1. e4 c5 2. Nf3 Nc6 3. d4 cxd4 4. Nxd4 g6 5. c4 Nf6 6. Nc3 Nxd4 7. Qxd4 d6 8.
Be2 Bg7 9. Bg5 O-O 10. Qd2 Be6 11. Rc1 Qa5 12. O-O Rfc8 13. b3 Qb4 14. Rfd1 a5
15. f3 Kf8 16. Kh1 Nd7 17. f4 a4 18. Bxe7+ Kg8 19. Bxd6 Qa5 20. Nd5 Qxd2 21.
Rxd2 Bxd5 22. exd5 axb3 23. axb3 Ra6 24. Be7 Nc5 25. Bxc5 Rxc5 26. b4 Rc8 27.
c5 Re8 28. Bxa6 bxa6 29. c6 Bc3 30. Rdd1 Bxb4 31. c7 Kg7 32. c8=Q Rxc8 33. Rxc8
a5 34. d6 a4 35. d7 Be7 36. d8=Q Bxd8 37. Rdxd8 a3 38. Ra8 a2 39. Rxa2 h6 40.
Rd7 g5 41. Raa7 gxf4 42. Rxf7+ Kg6 43. Rxf4 h5 44. Ra5 h4 45. Rb4 h3 46. Rb6+
Kg7 47. Ra7+ Kh8 48. Rb8#  1-0

[Event "DVM U16 2016"]
[Site "Neumarkt in der Oberpfalz GER"]
[Date "2016.12.29"]
[Round "6"]
[White "Freiherr von Hauff, Christopher"]
[Black "Halas, Julia"]
[Result "0-1"]
[Termination "normal"]
[Board "4.2"]
[WhiteElo "1793"]
[BlackElo "1839"]
[WhiteTeam "SK Bebenhausen"]
[BlackTeam "SG Leipzig"]
[PlyCount "116"]
[WhiteFideId "16200691"]
[BlackFideId "12931810"]
[EventCountry "GER"]
[EventRounds "7"]
[EventType "team-swiss"]
[EventDate "2016.12.26"]

1. e4 e6 2. Nf3 d5 3. e5 c5 4. b4 cxb4 5. a3 Nc6 6. axb4 Bxb4 7. c3 Be7 8. d4
Bd7 9. Bd3 a6 10. O-O Rc8 11. Ne1 f5 12. Qh5+ g6 13. Qh3 Nxd4 14. Bh6 Nxh6 15.
Qxh6 Bf8 16. Qh3 Nb3 17. Ra2 Nc1 18. Rd2 Nxd3 19. Nxd3 Bb5 20. Rc1 Bxd3 21.
Rxd3 Bg7 22. Qe3 O-O 23. Nd2 f4 24. Qh3 Rf5 25. Rd1 Bxe5 26. c4 b5 27. cxd5
exd5 28. Nf3 Bg7 29. Nh4 Re5 30. Nf3 Re8 31. Qg4 Qd6 32. h4 h5 33. Qg5 d4 34.
Nd2 Rc5 35. Qxc5 Qxc5 36. Nf3 Bf6 37. Kh2 Rd8 38. Kh3 Qf5+ 39. Kh2 Qg4 40. g3
fxg3+ 41. fxg3 Re8 42. R1d2 Be5 43. Nxe5 Rxe5 44. Rxd4 Re2+ 45. Rxe2 Qxe2+ 46.
Kh1 Qf3+ 47. Kh2 Qf2+ 48. Kh1 Qxd4 49. Kg2 b4 50. g4 Qxg4+ 51. Kf2 b3 52. Ke3
b2 53. Kd2 b1=R 54. Kc2 Qd1+ 55. Kc3 Rc1+ 56. Kb2 Qc2+ 57. Ka3 Ra1+ 58. Kb4
Ra4#  0-1

[Event "DVM U16 2016"]
[Site "Neumarkt in der Oberpfalz GER"]
[Date "2016.12.29"]
[Round "6"]
[White "Hofmann, Timo"]
[Black "Grimm, Ling Leander"]
[Result "1/2-1/2"]
[Termination "normal"]
[Board "4.3"]
[WhiteElo "1858"]
[BlackElo "1703"]
[WhiteTeam "SG Leipzig"]
[BlackTeam "SK Bebenhausen"]
[PlyCount "59"]
[WhiteFideId "12946044"]
[BlackFideId "12968277"]
[EventCountry "GER"]
[EventRounds "7"]
[EventType "team-swiss"]
[EventDate "2016.12.26"]

1. d4 d5 2. c4 e5 3. dxe5 d4 4. Nf3 Nc6 5. a3 Bg4 6. Nbd2 Nge7 7. Nb3 Nf5 8.
Bf4 Be7 9. h3 Bxf3 10. exf3 Bg5 11. Qd2 h6 12. Bxg5 hxg5 13. f4 g4 14. g3 Qd7
15. O-O-O O-O-O 16. Bg2 gxh3 17. Rxh3 f6 18. exf6 gxf6 19. Rxh8 Rxh8 20. Bxc6
Qxc6 21. Nxd4 Qxc4+ 22. Qc3 Qd5 23. Nxf5 Qxf5 24. Qd3 Qe6 25. Qd5 Qe7 26. Qf5+
Kb8 27. Qd7 Qc5+ 28. Kb1 a6 29. Qd4 Qc6 30. Qd5  1/2-1/2

[Event "DVM U16 2016"]
[Site "Neumarkt in der Oberpfalz GER"]
[Date "2016.12.29"]
[Round "6"]
[White "Ortner, Jonas Ruben"]
[Black "Knüpfer, Tim"]
[Result "0-1"]
[Termination "normal"]
[Board "4.4"]
[WhiteElo "1423"]
[BlackElo "1753"]
[WhiteTeam "SK Bebenhausen"]
[BlackTeam "SG Leipzig"]
[PlyCount "42"]
[WhiteFideId "16235118"]
[BlackFideId "16217489"]
[EventCountry "GER"]
[EventRounds "7"]
[EventType "team-swiss"]
[EventDate "2016.12.26"]

1. c4 e5 2. Nc3 Nc6 3. g3 Bc5 4. Bg2 a6 5. a3 d6 6. b4 Ba7 7. d3 Nge7 8. Nf3
Be6 9. Rb1 f6 10. Bd2 Ng6 11. O-O Qd7 12. e3 Bh3 13. b5 axb5 14. cxb5 Nce7 15.
Qb3 h5 16. a4 h4 17. a5 Bxg2 18. Kxg2 Qf5 19. e4 h3+ 20. Kh1 Qxf3+ 21. Kg1 Qg2#
0-1